00326nam a2200133Ia 4500008004000000041000800040082001100048100001900059245005800078260002000136440000600156650001300162650001700175210210b1797 xxu||||| |||| 00| 0 eng d aeng a940/14 aBARRUEL (Abbe) aMemoirs illustrating the history of Jacobinism Vol I aLondonb-c1797 a1 aEuropean acivilisation